00618nam a22002052 4500001001100000005001700011008004100028020001700069040001500086245006500101250001300166260003100179300001600210650002700226650002800253650004600281650004900327700003300376852000300409000002364220151217152245.0130313s xx 000 0 eng d a0333777603 : aKABUcKABU10aWhat do economists contribute? /cedited by Daniel B. Klein. a1st ed. aLondon :bPalgrave,c2001. axv, 156 p. 0aEconomics.@0000148279 0aEconomists.@0000183227 0aEconomicsxPolitical aspects.@0000183228 0aEconomicsxSociological aspects.@00001680431 aKlein, Daniel B.@00001832291